000 00692nam a2200205 i 4500
001 47317
003 ES-MaACL
005 20230906161536.0
007 t|
008 030407s1858 sp ||||1| spa d
080 _a929 Copons y Navia, Francisco de
100 1 _aCopons y Navia, Francisco de
_cConde de Tarifa.
_940417
245 1 0 _aMemorias de los años de 1814 y 1820 al 24 /
_cescritas por Francisco Copons y Navia.
260 _aMadrid :
_bAtlas,
_c1858.
300 _a258 p., 2 h. pleg., 1 lám. ;
_c12 cm.
599 _aLám.: retrato del autor.
600 1 4 _aCopons y Navia, Francisco de,
_cConde de Tarifa.
_940417
852 4 _aES-MaACL
_jF-4036
852 4 _aES-MaACL
_jT-70-F-6
999 _c47317
_d47317